<?xml version="1.0" encoding="UTF-8"?>
<record
    xmlns:xsi="http://www.w3.org/2001/XMLSchema-instance"
    xsi:schemaLocation="http://www.loc.gov/MARC21/slim http://www.loc.gov/standards/marcxml/schema/MARC21slim.xsd"
    xmlns="http://www.loc.gov/MARC21/slim">

  <leader>01885nam a2200325 i 4500</leader>
  <controlfield tag="001">000020978</controlfield>
  <controlfield tag="003">DO-SdBPM</controlfield>
  <controlfield tag="005">20250821132542.0</controlfield>
  <controlfield tag="007">ta</controlfield>
  <controlfield tag="008">100825s1983    dr ac   r     001 0 spa d</controlfield>
  <datafield tag="040" ind1=" " ind2=" ">
    <subfield code="a">DO-SdBPM</subfield>
    <subfield code="b">spa</subfield>
    <subfield code="c">BPMSU </subfield>
    <subfield code="e">rda</subfield>
    <subfield code="d"> </subfield>
  </datafield>
  <datafield tag="082" ind1=" " ind2="4">
    <subfield code="a">972.93</subfield>
    <subfield code="b">C334d 1983</subfield>
    <subfield code="2">22</subfield>
  </datafield>
  <datafield tag="100" ind1="1" ind2=" ">
    <subfield code="a">Casado Soler, Ram&#xF3;n Rafael,</subfield>
    <subfield code="e">autor </subfield>
  </datafield>
  <datafield tag="245" ind1="1" ind2="0">
    <subfield code="a">Dominicana el pa&#xED;s del amor eterno :</subfield>
    <subfield code="b">testamento universal de un pueblo en la historia de su nombre /</subfield>
    <subfield code="c">Ram&#xF3;n Rafael Casado Soler.</subfield>
  </datafield>
  <datafield tag="246" ind1="1" ind2="4">
    <subfield code="a">Dominicana el pa&#xED;s del amor eterno </subfield>
  </datafield>
  <datafield tag="260" ind1=" " ind2=" ">
    <subfield code="a"> </subfield>
    <subfield code="b"> </subfield>
    <subfield code="c"> </subfield>
  </datafield>
  <datafield tag="264" ind1=" " ind2=" ">
    <subfield code="a">Santo Domingo :</subfield>
    <subfield code="b">Editora Taller,</subfield>
    <subfield code="c">1983.</subfield>
  </datafield>
  <datafield tag="300" ind1=" " ind2=" ">
    <subfield code="a">410 p&#xE1;ginas :</subfield>
    <subfield code="b">ilustraciones ;</subfield>
    <subfield code="c">23 cm.</subfield>
  </datafield>
  <datafield tag="336" ind1=" " ind2=" ">
    <subfield code="2">rdacontent</subfield>
    <subfield code="a">texto</subfield>
    <subfield code="b">txt</subfield>
  </datafield>
  <datafield tag="337" ind1=" " ind2=" ">
    <subfield code="2">rdamedia</subfield>
    <subfield code="a">sin mediaci&#xF3;n</subfield>
    <subfield code="b">n</subfield>
  </datafield>
  <datafield tag="338" ind1=" " ind2=" ">
    <subfield code="2">rdacarrier</subfield>
    <subfield code="a">volumen</subfield>
    <subfield code="b">nc</subfield>
  </datafield>
  <datafield tag="500" ind1=" " ind2=" ">
    <subfield code="a">Incluye referencias bibliogr&#xE1;ficas y notas al pie de las p&#xE1;ginas.</subfield>
  </datafield>
  <datafield tag="505" ind1="0" ind2=" ">
    <subfield code="a">Doctrina de la insularidad ecum&#xE9;nica, 7.-- Homenaje, 11.-- A Juan Pablo Duarte y Diez, 12.-- Advocaci&#xF3;n social infinita, 15.-- Salmo de la voz, 17.-- El Jazm&#xED;n trinitario, 19.-- Introducci&#xF3;n : signos de una nueva conciencia, 23.-- PRIMERA PARTE : CAMINO COLONIAL / CAP&#xCD;TULO I : El origen colonial, 31.-- CAP&#xCD;TULO II : El renuevo nacional, 55.-- SEGUNDA PARTE : ENTRELAZAMIENTO UNIVERSAL DE LA CIVILIZACI&#xD3;N / CAP&#xCD;TULO I : En lo aut&#xF3;nomo : La naci&#xF3;n, 101.-- CAP&#xCD;TULO II : En dominicana : la patria, 113.-- TERCERA PARTE : DOMINICANA : FUNDAMENTACION COSMICA DE LA MESOANTILLA / CAP&#xCD;TULO I : El nombre es el hombre, 121.-- CAP&#xCD;TULO II : La civilizaci&#xF3;n planetaria, 167.-- APENDICES, 257.</subfield>
  </datafield>
  <datafield tag="590" ind1=" " ind2=" ">
    <subfield code="a">Inventariado, 2025/VM</subfield>
  </datafield>
  <datafield tag="651" ind1=" " ind2="7">
    <subfield code="a">Rep&#xFA;blica Dominicana</subfield>
    <subfield code="x">Historia</subfield>
  </datafield>
  <datafield tag="651" ind1=" " ind2="7">
    <subfield code="a">Rep&#xFA;blica Dominicana</subfield>
    <subfield code="x">Caracter&#xED;sticas nacionales</subfield>
  </datafield>
  <datafield tag="651" ind1=" " ind2="7">
    <subfield code="a">Rep&#xFA;blica Dominicana</subfield>
    <subfield code="x">Vida social y costumbres</subfield>
  </datafield>
  <datafield tag="910" ind1=" " ind2=" ">
    <subfield code="a">VMateo V. Control de calidad BPMSU </subfield>
  </datafield>
  <datafield tag="942" ind1=" " ind2=" ">
    <subfield code="2">ddc</subfield>
    <subfield code="c">BK</subfield>
  </datafield>
  <datafield tag="952" ind1=" " ind2=" ">
    <subfield code="0">0</subfield>
    <subfield code="1">0</subfield>
    <subfield code="2">ddc</subfield>
    <subfield code="7">0</subfield>
    <subfield code="8">CD</subfield>
    <subfield code="a">BPMET</subfield>
    <subfield code="b">BPMET</subfield>
    <subfield code="d">2025-08-21</subfield>
    <subfield code="e">Barbara Suncar</subfield>
    <subfield code="l">0</subfield>
    <subfield code="o">BPMSU CD 972.93 C334d 1983</subfield>
    <subfield code="p">BPMSU25080061</subfield>
    <subfield code="r">2025-08-21</subfield>
    <subfield code="w">2025-08-21</subfield>
    <subfield code="y">BK</subfield>
  </datafield>
  <datafield tag="999" ind1=" " ind2=" ">
    <subfield code="c">15346</subfield>
    <subfield code="d">15346</subfield>
  </datafield>
</record>
